Trencsén-Teplitz Total Ansicht

Zobrazenie: pohľad z výšky na vilovú štvrť, v úzadí uprostred snímky vežičky kúpeľného domu Hammam

Bibliographic Details
Format: Photo
Language:Hungarian
German
PhysicalDescription:1 pohľadnica čiernobiela 9 x 14 cm
Published: Trencsén Szold Henrik [medzi 1869 a 1907?]
Subjects:

MARC

LEADER 00000ckm a2200000 a 4500
001 vtls011784580
003 SK-MaSNL
005 20260302054814.0
007 kf bo
008 230706q1869 xo g kuhun
015 |a SNBG 
035 |a urn:nbn:sk:snk-km00ea6z 
035 |a urn:nbn:sk:snk-km43gz8 
035 |a D7A8E563-9F14-4267-BE41-6896DD6A10F3 
040 |a SNK  |b slo  |c SNK  |e AACR2 
041 0 |a hun  |a ger 
043 |a e-xo--- 
044 |a xo  |c SK 
072 7 |a 913  |x Regionálna geografia  |2 konspekt 
080 |a 913(437.6)  |2 2011 
080 |a 728.84  |2 2011 
080 |a 711.455:615.838  |2 2011 
080 |a 94(084.121)  |2 2011 
080 |a 728.37  |2 2011 
245 0 0 |a Trencsén-Teplitz  |h grafika  |b Total Ansicht 
260 |a Trencsén  |b Szold Henrik  |c [medzi 1869 a 1907?] 
300 |a 1 pohľadnica  |b čiernobiela  |c 9 x 14 cm 
500 |a Názvové údaje prevzaté z obrazovej časti pohľadnice 
520 8 |a Zobrazenie: pohľad z výšky na vilovú štvrť, v úzadí uprostred snímky vežičky kúpeľného domu Hammam 
546 |a Názov v maďarčine a podnázov v nemčine 
610 2 7 |a Kúpele Trenčianske Teplice (Slovensko)  |2 SNKKA  |9 189670 
650 0 7 |a vily  |2 SNKPH 
650 0 7 |a kúpele  |2 SNKPH  |9 1139 
651 7 |a Trenčianske Teplice (Slovensko)  |2 SNKPHgeo  |9 14503 
655 7 |a miestne pohľadnice  |2 SNKPH  |9 70510 
655 7 |a historické pohľadnice  |2 SNKPH  |9 159703 
752 |a Slovensko  |d Trenčín 
852 |a Slovenská národná knižnica 
958 |a ONDV 
958 |a GBN 
958 |a GC 
999 |c 1114821  |d 1116751 
952 |a SNK  |b SNK  |y PREZ  |7 0  |p 17A1337318  |o snkSP 84962  |0 0  |1 0  |4 0  |d 2018-10-11  |f 1  |l 0  |r 2026-02-24 18:12:56  |w 2026-02-24